[Event "GBR-ch73"]
[Site "Southampton"]
[Date "1986.07.29"]
[Round "2"]
[White "Walker, David"]
[Black "Nicholson, John G"]
[Result "1-0"]
[WhiteElo "2255"]
[BlackElo "2295"]
[PlyCount "107"]
[EventDate "1986.07.28"]
[EventType "swiss"]
[EventRounds "11"]
[EventCountry "GBR"]
[SourceTitle "BritBase"]
[Source "John Saunders"]
[SourceDate "2020.09.07"]
[SourceVersion "1"]
[SourceVersionDate "2020.09.07"]
[SourceQuality "2"]

1. d4 Nf6 2. c4 c5 3. d5 b5 4. Nf3 g6 5. Nbd2 Bg7 6. e4 O-O 7. Bd3 Nh5 8. cxb5
a6 9. b6 Nf4 10. Nc4 Nxd3+ 11. Qxd3 a5 12. Bd2 Ba6 13. Bc3 d6 14. Bxg7 Kxg7 15.
O-O Nd7 16. Rfe1 Bxc4 17. Qxc4 Qxb6 18. Qc3+ Nf6 19. Nd2 Qb4 20. a3 Qb5 21. a4
Qa6 22. Nc4 Rfb8 23. Na3 Kg8 24. Nb5 Qb7 25. Rad1 Nd7 26. b3 Rc8 27. Rd3 Qb6
28. Qc1 Qd8 29. f4 c4 30. bxc4 Nb6 31. Rd4 Nxa4 32. e5 Qb6 33. Kh1 Nc5 34. Qe3
a4 35. Rdd1 Qd8 36. f5 dxe5 37. Qxe5 a3 38. d6 e6 39. Nc7 Nd7 40. Qg3 exf5 41.
Nxa8 Rxa8 42. Ra1 Nc5 43. Rxa3 Rxa3 44. Qxa3 Qxd6 45. Qa8+ Kg7 46. Qa1+ f6 47.
Qa7+ Kh6 48. Qe7 Qc6 49. Qe3+ g5 50. Qf3 Qc8 51. Re7 g4 52. Qf4+ Kg6 53. Qc7
Qa8 54. Qxc5 1-0

[Event "GBR-ch73"]
[Site "Southampton"]
[Date "1986.07.29"]
[Round "2"]
[White "Watts, David"]
[Black "Carr, Neil L"]
[Result "0-1"]
[WhiteElo "2210"]
[BlackElo "2305"]
[PlyCount "76"]
[EventDate "1986.07.28"]
[EventType "swiss"]
[EventRounds "11"]
[EventCountry "GBR"]
[SourceTitle "BritBase"]
[Source "John Saunders"]
[SourceDate "2020.09.07"]
[SourceVersion "1"]
[SourceVersionDate "2020.09.07"]
[SourceQuality "2"]

1. e4 g6 2. d4 Bg7 3. Nf3 d6 4. Be2 Nf6 5. Nc3 Bg4 6. Be3 O-O 7. O-O Nc6 8. Nd2
Bxe2 9. Qxe2 e5 10. d5 Nb8 11. Nc4 b6 12. f3 Nh5 13. b4 Nd7 14. a4 a6 15. Nb2
f5 16. Nd3 f4 17. Bf2 Rf7 18. Nd1 Bf8 19. c4 g5 20. g4 fxg3 21. hxg3 Qf6 22.
Kg2 Qg6 23. Rg1 g4 24. fxg4 Nhf6 25. Nc3 Nxg4 26. Be3 Ndf6 27. Nf2 Nxf2 28.
Bxf2 Nh5 29. Kh1 Qh6 30. Kg2 Nf4+ 31. gxf4 Rg7+ 32. Bg3 exf4 33. Kf3 fxg3 34.
e5 Qh5+ 35. Kg2 Qh2+ 36. Kf3 g2 37. Ne4 Qxe5 38. Ra2 Re8 0-1

[Event "GBR-ch73"]
[Site "Southampton"]
[Date "1986.07.29"]
[Round "2"]
[White "Wicker, Kevin J"]
[Black "Levitt, Jonathan"]
[Result "1-0"]
[WhiteElo "2305"]
[BlackElo "2455"]
[PlyCount "91"]
[EventDate "1986.07.28"]
[EventType "swiss"]
[EventRounds "11"]
[EventCountry "GBR"]
[SourceTitle "BritBase"]
[Source "John Saunders"]
[SourceDate "2020.09.07"]
[SourceVersion "1"]
[SourceVersionDate "2020.09.07"]
[SourceQuality "2"]

1. d4 Nf6 2. c4 e6 3. Nc3 Bb4 4. e3 b6 5. Nge2 Ba6 6. a3 Bxc3+ 7. Nxc3 d5 8. b3
O-O 9. a4 Qd7 10. Ba3 Rd8 11. Be2 Nc6 12. cxd5 Bxe2 13. Qxe2 exd5 14. O-O Re8
15. Qc2 Na5 16. Rac1 c6 17. Ne2 Rac8 18. Nf4 Ng4 19. Qd1 Nf6 20. Nd3 Qe6 21.
Bb4 Nb7 22. Re1 Qf5 23. Re2 Ne4 24. Be1 f6 25. Nb4 Qd7 26. Qd3 Re6 27. Qa6 Na5
28. Nd3 Nxb3 29. Rb1 c5 30. Nf4 c4 31. Nxe6 Qxe6 32. Qxa7 Qc6 33. Rc2 Ra8 34.
Qe7 Qd6 35. Qb7 Rxa4 36. f3 Ng5 37. Bg3 Qd8 38. Rxb3 Ra1+ 39. Kf2 cxb3 40. Rc8
Ra2+ 41. Kf1 Qxc8 42. Qxc8+ Kf7 43. Qb7+ Kg6 44. Qxb6 Ra1+ 45. Be1 Rb1 46. Qb5
1-0

[Event "GBR-ch73"]
[Site "Southampton"]
[Date "1986.07.30"]
[Round "3"]
[White "Allen, Keith"]
[Black "Thomas, Ian L"]
[Result "1/2-1/2"]
[WhiteElo "2225"]
[BlackElo "2350"]
[PlyCount "63"]
[EventDate "1986.07.28"]
[EventType "swiss"]
[EventRounds "11"]
[EventCountry "GBR"]
[SourceTitle "BritBase"]
[Source "John Saunders"]
[SourceDate "2020.09.07"]
[SourceVersion "1"]
[SourceVersionDate "2020.09.07"]
[SourceQuality "2"]

1. d4 f5 2. Nc3 Nf6 3. Bg5 d5 4. Bxf6 exf6 5. e3 c6 6. Bd3 Bd6 7. Qf3 g6 8. h3
Na6 9. a3 Qe7 10. g4 f4 11. O-O-O fxe3 12. fxe3 Be6 13. Nge2 Nc7 14. h4 O-O-O
15. h5 Rhg8 16. hxg6 hxg6 17. Rh6 Qf7 18. Nf4 Bxf4 19. Qxf4 Bd7 20. Rf1 Rdf8
21. Na4 b6 22. Nc3 Kb7 23. e4 Be6 24. g5 Qg7 25. exd5 Bxd5 26. Rxg6 fxg5 27.
Qxf8 Qxf8 28. Rxf8 Rxf8 29. Rxg5 Ne6 30. Rg4 Bf3 31. Rh4 Rd8 32. Ne2 1/2-1/2

[Event "GBR-ch73"]
[Site "Southampton"]
[Date "1986.07.30"]
[Round "3"]
[White "Botterill, George Steven"]
[Black "Kwiatkowski, Feliks J"]
[Result "1/2-1/2"]
[WhiteElo "2395"]
[BlackElo "2250"]
[PlyCount "63"]
[EventDate "1986.07.28"]
[EventType "swiss"]
[EventRounds "11"]
[EventCountry "GBR"]
[SourceTitle "BritBase"]
[Source "John Saunders"]
[SourceDate "2020.09.07"]
[SourceVersion "1"]
[SourceVersionDate "2020.09.07"]
[SourceQuality "2"]

1. d4 Nf6 2. c4 e6 3. Nf3 b6 4. e3 Bb7 5. Bd3 Be7 6. O-O O-O 7. Nc3 d5 8. b3 c5
9. Bb2 cxd4 10. exd4 Nc6 11. Rc1 Rc8 12. Qe2 Re8 13. Rfd1 Bf8 14. Bb1 g6 15.
Re1 Bg7 16. Rcd1 dxc4 17. bxc4 Na5 18. Ne5 Nh5 19. Bc1 Ba6 20. Nb5 Nxc4 21.
Nxa7 Rc7 22. Bd3 Bxe5 23. dxe5 Qa8 24. g4 Ng7 25. Bh6 Qxa7 26. Qf3 Rec8 27.
Bxg7 Kxg7 28. Qf6+ Kg8 29. Bxc4 Rxc4 30. Rd8+ Rxd8 31. Qxd8+ Kg7 32. Qf6+
1/2-1/2

[Event "GBR-ch73"]
[Site "Southampton"]
[Date "1986.07.30"]
[Round "3"]
[White "Carr, Neil L"]
[Black "Hodgson, Julian M"]
[Result "0-1"]
[WhiteElo "2305"]
[BlackElo "2500"]
[PlyCount "80"]
[EventDate "1986.07.28"]
[EventType "swiss"]
[EventRounds "11"]
[EventCountry "GBR"]
[SourceTitle "BritBase"]
[Source "John Saunders"]
[SourceDate "2020.09.07"]
[SourceVersion "1"]
[SourceVersionDate "2020.09.07"]
[SourceQuality "2"]

1. e4 c6 2. d4 d5 3. e5 Bf5 4. Ne2 e6 5. Ng3 Bg6 6. h4 h5 7. Ne2 c5 8. Nf4 Bf5
9. dxc5 Nc6 10. Bd3 Bxd3 11. Nxd3 Bxc5 12. Nxc5 Qa5+ 13. Nd2 Qxc5 14. Nf3 Qc4
15. b3 Qe4+ 16. Qe2 Nb4 17. Qxe4 dxe4 18. Nd4 O-O-O 19. Ke2 Rxd4 20. c3 Rd3 21.
cxb4 Ne7 22. f3 Nc6 23. fxe4 Rd4 24. Be3 Rxe4 25. Rac1 Kb8 26. Rhd1 Rxb4 27.
Bc5 Rxh4 28. Rd7 Re4+ 29. Kf2 Rf4+ 30. Kg3 Kc8 31. Kxf4 Kxd7 32. b4 Rc8 33.
Rd1+ Ke8 34. a3 a6 35. Bd6 Ne7 36. b5 Nd5+ 37. Kg5 Nc3 38. Rd3 Nxb5 39. Kxh5
Nxd6 40. exd6 Kd7 0-1

[Event "GBR-ch73"]
[Site "Southampton"]
[Date "1986.07.30"]
[Round "3"]
[White "Crawley, Gavin"]
[Black "Ravisekhar, Raja"]
[Result "1-0"]
[WhiteElo "2345"]
[BlackElo "2395"]
[PlyCount "61"]
[EventDate "1986.07.28"]
[EventType "swiss"]
[EventRounds "11"]
[EventCountry "GBR"]
[SourceTitle "BritBase"]
[Source "John Saunders"]
[SourceDate "2020.09.07"]
[SourceVersion "1"]
[SourceVersionDate "2020.09.07"]
[SourceQuality "2"]

1. e4 c5 2. Nc3 Nc6 3. f4 g6 4. Nf3 Bg7 5. Bb5 Nd4 6. O-O Nxb5 7. Nxb5 Nf6 8.
e5 Nd5 9. d4 Nc7 10. Nc3 cxd4 11. Qxd4 O-O 12. f5 d6 13. fxg6 hxg6 14. Qh4 f6
15. exf6 exf6 16. Qg3 g5 17. Ne4 Ne8 18. Nfxg5 fxg5 19. Rxf8+ Kxf8 20. Bxg5 Qd7
21. Rf1+ Kg8 22. Nf6+ Nxf6 23. Bxf6 Qg4 24. Qxd6 Bf8 25. Qe5 Bd7 26. h3 Qg6 27.
Qd5+ Qf7 28. Qg5+ Kh7 29. Qh4+ Kg6 30. Bd4 Bf5 31. g4 1-0

[Event "GBR-ch73"]
[Site "Southampton"]
[Date "1986.07.30"]
[Round "3"]
[White "Emms, John"]
[Black "Hawksworth, John C"]
[Result "1-0"]
[WhiteElo "2305"]
[BlackElo "2400"]
[PlyCount "39"]
[EventDate "1986.07.28"]
[EventType "swiss"]
[EventRounds "11"]
[EventCountry "GBR"]
[SourceTitle "BritBase"]
[Source "John Saunders"]
[SourceDate "2020.09.07"]
[SourceVersion "1"]
[SourceVersionDate "2020.09.07"]
[SourceQuality "2"]

1. e4 e5 2. Bc4 Nc6 3. Nc3 Bc5 4. Qg4 Qf6 5. Nd5 Qxf2+ 6. Kd1 g6 7. Nh3 Qd4 8.
d3 Bb6 9. Qf3 f6 10. Rf1 d6 11. c3 Qc5 12. b4 Nxb4 13. cxb4 Qd4 14. Rb1 h5 15.
Nxf6+ Nxf6 16. Qxf6 Bg4+ 17. Kc2 Kd7 18. Qg7+ Kc6 19. b5+ Kc5 20. Ba3# 1-0

[Event "GBR-ch73"]
[Site "Southampton"]
[Date "1986.07.30"]
[Round "3"]
[White "Findlay, Ian T"]
[Black "Roe, Simon J"]
[Result "0-1"]
[WhiteElo "2375"]
[BlackElo "2230"]
[PlyCount "84"]
[EventDate "1986.07.28"]
[EventType "swiss"]
[EventRounds "11"]
[EventCountry "GBR"]
[SourceTitle "BritBase"]
[Source "John Saunders"]
[SourceDate "2020.09.07"]
[SourceVersion "1"]
[SourceVersionDate "2020.09.07"]
[SourceQuality "2"]

1. e4 c5 2. Nf3 d6 3. d4 cxd4 4. Nxd4 Nf6 5. Nc3 g6 6. Be2 Bg7 7. O-O Nc6 8.
Nb3 O-O 9. Bg5 a6 10. f4 b5 11. a3 Bb7 12. Bf3 Rc8 13. Kh1 e6 14. Qe1 h6 15.
Bh4 Qc7 16. Rd1 b4 17. axb4 Nxb4 18. Rf2 Qb6 19. Qd2 d5 20. e5 Ne4 21. Bxe4
dxe4 22. Qd4 Qxd4 23. Nxd4 Rfe8 24. Re2 Nd5 25. Nxd5 Bxd5 26. Kg1 g5 27. Bg3
gxf4 28. Bxf4 Kh7 29. Ra1 Rc5 30. Rd2 Rb8 31. b3 Bb7 32. b4 Rc4 33. b5 axb5 34.
Nxb5 e3 35. Bxe3 Bxe5 36. Rf1 Kg6 37. Bd4 Bxd4+ 38. Rxd4 Bd5 39. Rff4 Rxc2 40.
Rg4+ Kh7 41. Na3 Rc1+ 42. Kf2 Rb2+ 0-1

[Event "GBR-ch73"]
[Site "Southampton"]
[Date "1986.07.30"]
[Round "3"]
[White "Hazelton, Martin"]
[Black "Teichmann, Erik OMC"]
[Result "1/2-1/2"]
[WhiteElo "2145"]
[BlackElo "2310"]
[PlyCount "53"]
[EventDate "1986.07.28"]
[EventType "swiss"]
[EventRounds "11"]
[EventCountry "GBR"]
[SourceTitle "BritBase"]
[Source "John Saunders"]
[SourceDate "2020.09.07"]
[SourceVersion "1"]
[SourceVersionDate "2020.09.07"]
[SourceQuality "2"]

1. e4 Nc6 2. Nf3 d6 3. d4 Bg4 4. Be2 e5 5. c3 Nge7 6. d5 Nb8 7. Nbd2 Ng6 8. h3
Bc8 9. Nc4 Be7 10. Ne3 h6 11. Ng1 Nd7 12. Nf5 Bf6 13. Be3 Kf8 14. Bg4 Bg5 15.
Ne2 Nf6 16. Qc2 Bxf5 17. exf5 Ne7 18. c4 Qd7 19. Bxg5 hxg5 20. Ng3 b5 21. b3
Rb8 22. O-O bxc4 23. bxc4 c6 24. Rab1 Rd8 25. dxc6 Nxc6 26. Qd2 Nxg4 27. hxg4
1/2-1/2

[Event "GBR-ch73"]
[Site "Southampton"]
[Date "1986.07.30"]
[Round "3"]
[White "Hebden, Mark L"]
[Black "Flear, Glenn C"]
[Result "1-0"]
[WhiteElo "2440"]
[BlackElo "2505"]
[PlyCount "85"]
[EventDate "1986.07.28"]
[EventType "swiss"]
[EventRounds "11"]
[EventCountry "GBR"]
[SourceTitle "BritBase"]
[Source "John Saunders"]
[SourceDate "2020.09.07"]
[SourceVersion "1"]
[SourceVersionDate "2020.09.07"]
[SourceQuality "2"]

1. d4 d5 2. c4 e6 3. Nc3 c6 4. Nf3 Nf6 5. e3 Nbd7 6. Bd3 dxc4 7. Bxc4 b5 8. Bb3
b4 9. Ne2 Bb7 10. Nf4 Bd6 11. Ng5 Bxf4 12. exf4 O-O 13. O-O c5 14. Be3 cxd4 15.
Bxd4 Qa5 16. Re1 h6 17. Nxe6 fxe6 18. Bxe6+ Rf7 19. Bxf6 Nxf6 20. Re5 Qb6 21.
Qb3 Raf8 22. Rd1 Ne4 23. Qe3 Qxe3 24. fxe3 Kh7 25. Bxf7 Rxf7 26. Rb5 Nf6 27.
Rxb4 Bd5 28. b3 Re7 29. Rbd4 Be4 30. h3 h5 31. Rc1 h4 32. Rc5 Bb1 33. Re5 Rc7
34. f5 Bxa2 35. Rxh4+ Kg8 36. Rb4 Rc3 37. Re7 Nd5 38. Rb8+ Kh7 39. Ree8 Kh6 40.
h4 Kh5 41. Re4 Rc6 42. Kh2 Bb1 43. Kh3 1-0

[Event "GBR-ch73"]
[Site "Southampton"]
[Date "1986.07.30"]
[Round "3"]
[White "Hennigan, Michael"]
[Black "Barber, Haydn J"]
[Result "1/2-1/2"]
[WhiteElo "2225"]
[BlackElo "2320"]
[PlyCount "116"]
[EventDate "1986.07.28"]
[EventType "swiss"]
[EventRounds "11"]
[EventCountry "GBR"]
[SourceTitle "BritBase"]
[Source "John Saunders"]
[SourceDate "2020.09.07"]
[SourceVersion "1"]
[SourceVersionDate "2020.09.07"]
[SourceQuality "2"]

1. e4 c5 2. Nc3 Nc6 3. g3 g6 4. Bg2 Bg7 5. d3 d6 6. f4 e6 7. Nf3 Nge7 8. O-O
O-O 9. g4 f5 10. gxf5 gxf5 11. Be3 Nd4 12. Qd2 Ng6 13. Rae1 e5 14. fxe5 Nxf3+
15. Rxf3 f4 16. Bxf4 Rxf4 17. Rxf4 Bh6 18. Nd5 dxe5 19. Qc3 exf4 20. Qxc5 Qg5
21. Kh1 Bg4 22. e5 f3 23. Nf6+ Kh8 24. Bf1 Qh4 25. Re4 Bf4 26. Nxg4 Qxg4 27. e6
Qh4 28. h3 Qg3 29. Qg1 Re8 30. Qxg3 Bxg3 31. d4 Nf4 32. Bc4 Nxh3 33. Re3 Ng5
34. d5 Bd6 35. a3 Re7 36. b4 Rg7 37. Bf1 b6 38. c4 a5 39. c5 bxc5 40. bxa5 f2
41. e7 Bxe7 42. a6 Rg8 43. Kg2 Bf6 44. d6 Ne4+ 45. Kh3 Nd2 46. Be2 Bg5 47. Rg3
f1=Q+ 48. Bxf1 Nxf1 49. Rg1 Nd2 50. a7 Ne4 51. Rb1 Nf2+ 52. Kg2 Bf4+ 53. Kxf2
Bxd6 54. Rb6 Be5 55. Kf3 Rc8 56. Ke4 Bg3 57. Rb3 Bh2 58. Rb2 Bg3 1/2-1/2

[Event "GBR-ch73"]
[Site "Southampton"]
[Date "1986.07.30"]
[Round "3"]
[White "King, Daniel J"]
[Black "Depasquale, Chris"]
[Result "1-0"]
[WhiteElo "2455"]
[BlackElo "2305"]
[PlyCount "81"]
[EventDate "1986.07.28"]
[EventType "swiss"]
[EventRounds "11"]
[EventCountry "GBR"]
[SourceTitle "BritBase"]
[Source "John Saunders"]
[SourceDate "2020.09.07"]
[SourceVersion "1"]
[SourceVersionDate "2020.09.07"]
[SourceQuality "2"]

1. e4 e6 2. d4 d5 3. Nc3 Bb4 4. e5 c5 5. a3 Bxc3+ 6. bxc3 f5 7. Nf3 Bd7 8. Be2
Qa5 9. Qd2 Bb5 10. O-O Bxe2 11. Qxe2 c4 12. Ng5 Qa6 13. a4 g6 14. Ba3 h6 15.
Nh3 Nc6 16. Nf4 Nce7 17. a5 Kd7 18. Bc5 g5 19. Nh5 Rf8 20. Rfb1 Rf7 21. Qd1 Nc6
22. Qc1 Kc8 23. Qa3 Nge7 24. Bb6 Ng6 25. Qd6 Nd8 26. Nf6 Nf4 27. Kf1 g4 28. g3
Nh3 29. Qc5+ Nc6 30. Bxa7 Qxa7 31. Rb6 Rc7 32. a6 bxa6 33. Raxa6 Qxa6 34. Rxa6
Nb8 35. Qd6 Nxa6 36. Qxa6+ Kb8 37. Qb6+ Rb7 38. Nd7+ Kc8 39. Qc6+ Rc7 40. Nb6+
Kd8 41. Qd6+ 1-0

[Event "GBR-ch73"]
[Site "Southampton"]
[Date "1986.07.30"]
[Round "3"]
[White "Kosten, Anthony C"]
[Black "Chandler, Murray G"]
[Result "1/2-1/2"]
[WhiteElo "2455"]
[BlackElo "2565"]
[PlyCount "36"]
[EventDate "1986.07.28"]
[EventType "swiss"]
[EventRounds "11"]
[EventCountry "GBR"]
[SourceTitle "BritBase"]
[Source "John Saunders"]
[SourceDate "2020.09.07"]
[SourceVersion "1"]
[SourceVersionDate "2020.09.07"]
[SourceQuality "2"]

1. e4 c5 2. f4 d5 3. Nc3 d4 4. Nce2 Nc6 5. Ng3 e5 6. fxe5 Nxe5 7. Nf3 Bd6 8.
Bb5+ Bd7 9. Bxd7+ Qxd7 10. d3 Ne7 11. O-O f6 12. Nxe5 Bxe5 13. Nf5 Nxf5 14.
exf5 O-O-O 15. Qf3 g5 16. fxg6 hxg6 17. Bf4 Bxf4 18. Qxf4 f5 1/2-1/2

[Event "GBR-ch73"]
[Site "Southampton"]
[Date "1986.07.30"]
[Round "3"]
[White "Lawton, Geoffrey W"]
[Black "Lyell, Mark"]
[Result "1-0"]
[WhiteElo "2365"]
[BlackElo "2030"]
[PlyCount "71"]
[EventDate "1986.07.28"]
[EventType "swiss"]
[EventRounds "11"]
[EventCountry "GBR"]
[SourceTitle "BritBase"]
[Source "John Saunders"]
[SourceDate "2020.09.07"]
[SourceVersion "1"]
[SourceVersionDate "2020.09.07"]
[SourceQuality "2"]

1. e4 e5 2. Nf3 Nc6 3. Bb5 f5 4. Nc3 fxe4 5. Nxe4 Nf6 6. Qe2 d5 7. Nxf6+ gxf6
8. d4 Bg7 9. dxe5 O-O 10. Bxc6 bxc6 11. e6 Qd6 12. O-O c5 13. c4 Ba6 14. b3
Rae8 15. Re1 f5 16. Bb2 d4 17. Ng5 Re7 18. Qh5 h6 19. Nf7 Qc6 20. Qg6 Bb7 21.
Rad1 Rfxf7 22. exf7+ Rxf7 23. Qxc6 Bxc6 24. Ba3 Bf8 25. Re6 Be4 26. Rd2 Re7 27.
Rf6 Bg7 28. Rg6 Bd3 29. f3 Re1+ 30. Kf2 Rf1+ 31. Kg3 Bb1 32. Bxc5 Kf7 33. Rxg7+
Kxg7 34. Bxd4+ Kg6 35. Bxa7 Kg5 36. Be3+ 1-0

[Event "GBR-ch73"]
[Site "Southampton"]
[Date "1986.07.30"]
[Round "3"]
[White "Levitt, Jonathan"]
[Black "Watts, David"]
[Result "1/2-1/2"]
[WhiteElo "2455"]
[BlackElo "2210"]
[PlyCount "63"]
[EventDate "1986.07.28"]
[EventType "swiss"]
[EventRounds "11"]
[EventCountry "GBR"]
[SourceTitle "BritBase"]
[Source "John Saunders"]
[SourceDate "2020.09.07"]
[SourceVersion "1"]
[SourceVersionDate "2020.09.07"]
[SourceQuality "2"]

1. d4 Nf6 2. c4 g6 3. Nc3 Bg7 4. e4 d6 5. f3 O-O 6. Be3 Nc6 7. Qd2 a6 8. Nge2
Rb8 9. h4 e5 10. d5 Na5 11. Ng3 c5 12. h5 Bd7 13. O-O-O b5 14. Bd3 b4 15. Nce2
Ba4 16. Bh6 Bxd1 17. Kxd1 Bxh6 18. Qxh6 Rb7 19. Rh3 Kh8 20. hxg6 fxg6 21. Qxg6
Rg7 22. Qh6 Qe8 23. b3 Nb7 24. Rh2 a5 25. Bc2 Rg6 26. Qh4 a4 27. bxa4 Qf7 28.
Nf5 Nd7 29. Nh6 Qg7 30. Nf5 Qf7 31. Nh6 Qg7 32. Nf5 1/2-1/2

[Event "GBR-ch73"]
[Site "Southampton"]
[Date "1986.07.30"]
[Round "3"]
[White "Martin, Andrew D"]
[Black "Conquest, Stuart"]
[Result "1/2-1/2"]
[WhiteElo "2370"]
[BlackElo "2430"]
[PlyCount "27"]
[EventDate "1986.07.28"]
[EventType "swiss"]
[EventRounds "11"]
[EventCountry "GBR"]
[SourceTitle "BritBase"]
[Source "John Saunders"]
[SourceDate "2020.09.07"]
[SourceVersion "1"]
[SourceVersionDate "2020.09.07"]
[SourceQuality "2"]

1. Nf3 Nf6 2. d4 g6 3. c4 Bg7 4. Nc3 d5 5. Qa4+ Bd7 6. Qb3 dxc4 7. Qxc4 O-O 8.
e4 b5 9. Nxb5 Nxe4 10. Nxc7 Nc6 11. Nxa8 Qa5+ 12. Bd2 Nxd2 13. Nxd2 Rxa8 14.
Qc3 1/2-1/2

[Event "GBR-ch73"]
[Site "Southampton"]
[Date "1986.07.30"]
[Round "3"]
[White "McDonald, Neil R"]
[Black "Thipsay, Praveen Mahadeo"]
[Result "1/2-1/2"]
[WhiteElo "2495"]
[BlackElo "2375"]
[PlyCount "79"]
[EventDate "1986.07.28"]
[EventType "swiss"]
[EventRounds "11"]
[EventCountry "GBR"]
[SourceTitle "BritBase"]
[Source "John Saunders"]
[SourceDate "2020.09.07"]
[SourceVersion "1"]
[SourceVersionDate "2020.09.07"]
[SourceQuality "2"]

1. Nf3 g6 2. g3 Bg7 3. Bg2 e5 4. O-O d5 5. c4 d4 6. d3 Nc6 7. Qa4 Bd7 8. b4 a6
9. Nbd2 Nf6 10. Bb2 O-O 11. Qb3 Re8 12. a4 Qc8 13. Ng5 Nd8 14. b5 h6 15. Nge4
Nxe4 16. Nxe4 Bh3 17. c5 Bxg2 18. Kxg2 Ne6 19. Rfc1 f5 20. Nd2 axb5 21. axb5
Rxa1 22. Rxa1 Kh7 23. c6 bxc6 24. bxc6 Nd8 25. Qb5 Re6 26. Nc4 Nxc6 27. Ra6 Ne7
28. Ra7 Qd8 29. Ba3 Nd5 30. Qb7 Qd7 31. Ra5 Ne7 32. Rc5 Nc6 33. Nb6 Qd8 34.
Rxc6 Rxc6 35. Qxc6 cxb6 36. Bd6 b5 37. Bb4 Qb8 38. Bd6 Qd8 39. Bb4 Qb8 40. Bd6
1/2-1/2

[Event "GBR-ch73"]
[Site "Southampton"]
[Date "1986.07.30"]
[Round "3"]
[White "Mestel, A Jonathan"]
[Black "Plaskett, H James"]
[Result "1/2-1/2"]
[WhiteElo "2505"]
[BlackElo "2450"]
[PlyCount "62"]
[EventDate "1986.07.28"]
[EventType "swiss"]
[EventRounds "11"]
[EventCountry "GBR"]
[SourceTitle "BritBase"]
[Source "John Saunders"]
[SourceDate "2020.09.07"]
[SourceVersion "1"]
[SourceVersionDate "2020.09.07"]
[SourceQuality "2"]

1. e4 e5 2. Nf3 Nf6 3. Nxe5 d6 4. Nf3 Nxe4 5. d4 d5 6. Bd3 Nc6 7. O-O Bg4 8. c4
Nf6 9. cxd5 Bxf3 10. Qxf3 Qxd5 11. Qe2+ Be7 12. Bb5 Qd6 13. Nc3 O-O 14. Bxc6
bxc6 15. Be3 Nd5 16. Rac1 Rab8 17. b3 Nxe3 18. Qxe3 Rfd8 19. Rfd1 Bf8 20. g3 h6
21. Qf3 Qg6 22. Ne2 c5 23. Nf4 Qf5 24. Kg2 cxd4 25. Rxc7 Qa5 26. Qc6 Qf5 27.
Nd3 Rbc8 28. Rxc8 Rxc8 29. Qf3 Qxf3+ 30. Kxf3 Rc2 31. Ke4 Rxa2 1/2-1/2

[Event "GBR-ch73"]
[Site "Southampton"]
[Date "1986.07.30"]
[Round "3"]
[White "Motwani, Paul"]
[Black "Watson, William N"]
[Result "0-1"]
[WhiteElo "2355"]
[BlackElo "2495"]
[PlyCount "112"]
[EventDate "1986.07.28"]
[EventType "swiss"]
[EventRounds "11"]
[EventCountry "GBR"]
[SourceTitle "BritBase"]
[Source "John Saunders"]
[SourceDate "2020.09.07"]
[SourceVersion "1"]
[SourceVersionDate "2020.09.07"]
[SourceQuality "2"]

1. e4 c5 2. Nf3 d6 3. d4 cxd4 4. Nxd4 Nf6 5. Nc3 g6 6. Be3 Bg7 7. f3 O-O 8. Qd2
Nc6 9. g4 Be6 10. O-O-O Nxd4 11. Bxd4 Qa5 12. a3 Rfc8 13. h4 Rab8 14. Nd5 Qxd2+
15. Rxd2 Bxd5 16. exd5 b5 17. Bh3 Rc7 18. g5 Nh5 19. Bg4 Nf4 20. Bxg7 Kxg7 21.
Re1 h5 22. gxh6+ Kxh6 23. Re4 Rc4 24. b3 Rxe4 25. fxe4 Nh5 26. Bxh5 Kxh5 27.
Rf2 f6 28. Rf4 Rg8 29. Kd2 g5 30. hxg5 fxg5 31. Rf7 g4 32. Ke1 g3 33. Kf1 Kg4
34. Kg2 Rc8 35. Rg7+ Kf4 36. Rf7+ Kxe4 37. Rxe7+ Kxd5 38. c4+ bxc4 39. bxc4+
Kxc4 40. Rxa7 Rg8 41. a4 Kb4 42. a5 Kb5 43. Rd7 Rg6 44. Ra7 d5 45. Rd7 Rg5 46.
Ra7 d4 47. Rd7 Rg4 48. Rd5+ Kc4 49. Rd6 Kc5 50. Rd7 Rg6 51. Rd8 Kc4 52. Rc8+
Kd3 53. Ra8 Kd2 54. a6 d3 55. a7 Rg7 56. Kg1 g2 0-1

[Event "GBR-ch73"]
[Site "Southampton"]
[Date "1986.07.30"]
[Round "3"]
[White "Nicholson, John G"]
[Black "Chin, Francis"]
[Result "1/2-1/2"]
[WhiteElo "2295"]
[BlackElo "2075"]
[PlyCount "70"]
[EventDate "1986.07.28"]
[EventType "swiss"]
[EventRounds "11"]
[EventCountry "GBR"]
[SourceTitle "BritBase"]
[Source "John Saunders"]
[SourceDate "2020.09.07"]
[SourceVersion "1"]
[SourceVersionDate "2020.09.07"]
[SourceQuality "2"]

1. e4 e6 2. d4 d5 3. Nc3 Bb4 4. e5 c5 5. a3 Bxc3+ 6. bxc3 Qc7 7. Nf3 Ne7 8. a4
Nbc6 9. Be2 cxd4 10. cxd4 Nb4 11. O-O Qxc2 12. Qe1 Nec6 13. Ba3 a5 14. Bb5 O-O
15. Bxc6 Qxc6 16. Bxb4 axb4 17. Qxb4 Bd7 18. a5 Qb5 19. Qxb5 Bxb5 20. Rfb1 Bc6
21. Nd2 Ra6 22. Rc1 Rfa8 23. Nb3 Kf8 24. f4 Be8 25. Kf2 Bb5 26. Rc7 Bc4 27. Nc5
Rxa5 28. Rxa5 Rxa5 29. Nxb7 Ra2+ 30. Ke3 Ra3+ 31. Kf2 Ra2+ 32. Kg3 Ra3+ 33. Kh4
Rd3 34. Rc8+ Ke7 35. Rc7+ Kf8 1/2-1/2

[Event "GBR-ch73"]
[Site "Southampton"]
[Date "1986.07.30"]
[Round "3"]
[White "Prasad, Devaki"]
[Black "Wicker, Kevin J"]
[Result "1-0"]
[WhiteElo "2410"]
[BlackElo "2305"]
[PlyCount "73"]
[EventDate "1986.07.28"]
[EventType "swiss"]
[EventRounds "11"]
[EventCountry "GBR"]
[SourceTitle "BritBase"]
[Source "John Saunders"]
[SourceDate "2020.09.07"]
[SourceVersion "1"]
[SourceVersionDate "2020.09.07"]
[SourceQuality "2"]

1. e4 e6 2. d4 d5 3. e5 b6 4. c3 Qd7 5. Nf3 Ne7 6. Na3 f5 7. exf6 gxf6 8. Bd3
Ng6 9. Qe2 Bxa3 10. bxa3 Qg7 11. c4 O-O 12. O-O Nc6 13. Kh1 f5 14. cxd5 exd5
15. Qb2 f4 16. Qc3 Na5 17. Bd2 Bg4 18. Bxg6 hxg6 19. Ne5 Be2 20. Rfe1 Ba6 21.
Qf3 Nb7 22. Qxd5+ Kh8 23. Nc6 Rf5 24. Qf3 Raf8 25. Nb4 Bc4 26. Qxb7 a5 27. Rac1
b5 28. Na6 Bd5 29. Qxc7 R8f7 30. Qc3 Qh6 31. Re5 Bxg2+ 32. Kxg2 f3+ 33. Kh1 Qh3
34. Rg1 b4 35. axb4 axb4 36. Nxb4 Rxe5 37. dxe5 {etc (39)} 1-0